[Event "WSTCC-50 2020"]
[Site "Prague"]
[Date "2020.03.09"]
[Round "4.31"]
[White "Mudrak, Josef"]
[Black "Marsalek, Zdenek"]
[Result "0-1"]
[WhiteElo "2213"]
[BlackElo "2177"]
[Annotator "TA"]
[PlyCount "140"]
[EventDate "2020.03.06"]
[EventType "team-tourn"]
[EventCountry "CZE"]
[SourceTitle "playchess.com"]
[Source "ChessBase"]
[SourceQuality "1"]

{[%evp 9,140,-2,4,1,16,-23,-12,-28,1,-36,-38,-52,-41,-60,-59,-79,-74,-108,-108,-124,-109,-109,-75,-146,-152,-178,-164,-156,-162,-176,-176,-186,-176,-166,-170,-195,-177,-263,-303,-321,-297,-288,-289,-262,-241,-260,-200,-247,-235,-212,-202,-245,-237,-228,-210,-199,-94,-285,-274,-259,-245,-233,-247,-293,-294,-310,-295,-297,-297,-297,-296,-322,0,-295,-161,-161,-154,-147,-88,-94,-27,-99,-101,-88,0,-80,0,-72,-47,-38,-47,-123,-122,-467,-116,-29990,-29991,-29991,-12804,-6272,-4170,-2175,-2229,-6238,-6203,-5639,-4133,-6095,-5377,-5566,-5365,-4133,-2826,-1297,-727,-29985,-29985,-29989,-29990,-29990,-29986,-29986,-29987,-29987,-29986,-29992,-29993,-29993,-29991,-29997,-29997,-29998,-29997]} 1. d4 Nf6 2. Nf3 e6 3. g3 b5 4. Bg2 Bb7 5. O-O d5 6. Ne5 {A46: 1 d4 Nf6 2 Nf3 e6: Torre, London and Colle Systems.} Nbd7 7. f4 c5 8. e3 {The position is equal.} Qb6 9. c3 {[#]} Be7 $146 ({Predecessor:} 9... Bd6 10. Kh1 h5 11. h4 Bxe5 12. fxe5 Ng4 13. Bf3 f5 14. b4 cxb4 15. cxb4 g5 {0-1 (44) Petrenko,S (2140)-Doluhanova,E (2328) Braila 2017}) 10. Nd2 O-O 11. g4 {Hoping for g5.} Nxe5 12. fxe5 Nd7 13. Qe1 b4 14. Qg3 Rac8 15. g5 Rc7 16. Kh1 (16. Rf2 $142) 16... Ba6 17. Re1 Rfc8 18. Nb3 cxd4 19. cxd4 Bd3 20. e4 Bxe4 21. Bxe4 dxe4 22. Be3 Qb7 23. h4 (23. Re2 $142) 23... Rc2 $19 24. Rf1 Nb6 25. Rf2 Nd5 26. Raf1 Rxf2 27. Qxf2 Bf8 28. Kg1 {[#]} Rc2 $1 {[%mdl 576] Deflection} 29. Qxc2 Nxe3 30. Qe2 Nxf1 31. Qxf1 Qd5 32. Kf2 h6 (32... a5 $1 $19 {[%cal Ra5a4] And now ...a4 would win.} 33. Ke3 a4) 33. Ke3 $2 (33. gxh6 $17 {was forced.} Be7 34. Ke3) 33... hxg5 34. hxg5 Be7 35. Qg2 Qc4 36. Qxe4 Bxg5+ 37. Kf2 g6 38. Qe2 Qd5 39. Qf3 {intending Qxd5.} Qb5 40. Qe4 Qc4 41. Qe2 $1 {[%cal Re2c4]} Bh4+ (41... Qc6 $142 42. Nc5 Qd5) 42. Kf3 Qc7 43. Nc5 Be7 (43... Qd8 $142 44. Qe4 Be7) 44. Qb5 $17 Bxc5 (44... Qd8 $17 45. Qd7 Qxd7 46. Nxd7 Bd8) 45. dxc5 $11 Qxe5 46. Qxb4 $17 {[%mdl 4096] Endgame KQ-KQ} Qd5+ (46... f5 $1 $17 {aiming for ...g5.} 47. Qc4 Kf7) 47. Ke3 (47. Kf2 $11) 47... Qe5+ (47... f5 $17 48. Qd4 f4+ $1 {[%mdl 512]} 49. Qxf4 Qxc5+ 50. Kf3 g5 51. Qb8+ Kf7) 48. Kf2 (48. Kf3 $1 $11 {remains equal.}) 48... g5 49. Qc4 Qxb2+ 50. Kg3 {Black continues to play with concentration.} (50. Kf1 $15) 50... Qe5+ 51. Kg4 $2 {[%mdl 8192]} (51. Kh3 $17 {is more resistant.}) 51... Kg7 $2 (51... Qe3 $19 52. Qb3 Qxc5) 52. c6 $2 {[%mdl 8192] [#]} (52. Kh3 $17) 52... Qe3 $1 ({Weaker is} 52... f5+ 53. Kf3 $17) 53. Qf1 Kg6 (53... f5+ $142 54. Qxf5 exf5+ 55. Kxf5 Kf7 56. Kg4 Qf4+ 57. Kh3 g4+ 58. Kg2 Qf3+ {[%mdl 64] Double Attack} 59. Kg1 g3 60. c7 Qf2+ {[%mdl 64] Double Attack} 61. Kh1 Qh2#) 54. Qf3 $19 Qd4+ 55. Kh3 f5 {( -> ...g4+)} 56. Qg3 g4+ 57. Kh2 Qd2+ 58. Qg2 Qd6+ 59. Kh1 Qc5 60. Kh2 Qc1 61. a4 Kg5 {...f4 is the strong threat.} 62. Qf2 f4 {Black mates.} 63. Qxa7 g3+ 64. Kg2 Qxc6+ 65. Kg1 Qc1+ 66. Kg2 Qb2+ 67. Kg1 Kg4 68. Kf1 g2+ 69. Kg1 f3 70. Kh2 Qh8+ {[%mdl 64] Decoy. Accuracy: White = 51%, Black = 64%.} 0-1

[Event "WSTCC-50 2020"]
[Site "Prague"]
[Date "2020.03.09"]
[Round "4.32"]
[White "Zahorbensky, Jaroslav"]
[Black "Vrana, Frantisek"]
[Result "1/2-1/2"]
[WhiteElo "2098"]
[BlackElo "2231"]
[Annotator "TA"]
[PlyCount "113"]
[EventDate "2020.03.06"]
[EventType "team-tourn"]
[EventCountry "CZE"]
[SourceTitle "playchess.com"]
[Source "ChessBase"]
[SourceQuality "1"]

{[%evp 11,113,22,12,3,15,15,37,5,9,0,0,-13,54,40,81,86,84,81,78,83,166,167,164,167,168,159,152,158,150,127,124,124,124,125,127,118,122,111,108,97,118,111,116,106,106,106,107,106,115,117,120,119,120,92,109,110,127,120,131,87,87,87,87,87,95,25,25,9,9,0,0,0,0,0,0,0,0,0,0,0,0,0,0,0,97,97,12833,12834,12834,0,0,0,0,0,0,0,0,0,0,0,0,0,0,0]} 1. e4 c5 2. Nf3 Nc6 3. Bb5 g6 4. O-O Bg7 5. Nc3 e5 6. d3 Nge7 7. Be3 {B31: Sicilian: 2...Nc6 3 Bb5 g6.} Nd4 8. Bc4 d6 {[#]} 9. Ng5 $146 {White is slightly better.} ({Predecessor:} 9. h3 O-O 10. Bg5 Qc7 11. Bxe7 Qxe7 12. Nd5 Qd8 13. Nxd4 cxd4 14. c3 dxc3 15. bxc3 {½-½ (62) Van Damme,L (2235)-Pommrich,R (2280) ICCF email 2010}) 9... O-O 10. f4 exf4 11. Bxf4 Ne6 ({Better is} 11... Be6 $1 $11) 12. Be3 $36 {[%mdl 2048] And now Rxf7! would win. White has the initiative.} Nc6 13. Rxf7 Rxf7 14. Nxe6 Bxe6 15. Bxe6 Ne5 (15... Qf6 $16 16. Qg4 (16. Bxf7+ Qxf7 17. Kh1 b6 $16) 16... Re8 17. Bxf7+ Qxf7) 16. Nd5 $18 Kh8 {intending ...Rf8.} 17. Bxf7 Nxf7 18. Qf3 Qd7 19. Rf1 Rf8 20. Qh3 Qxh3 21. gxh3 Ne5 22. Rxf8+ Bxf8 $16 {[%mdl 4096] Endgame KBN-KBN} 23. Kf2 Kg7 24. Bg5 Kf7 25. Bf6 Nd7 26. Bc3 Bh6 27. a3 {[%cal Ba2a3,Ba3a4][%mdl 32]} Bc1 28. a4 a6 29. b4 Ke6 30. b5 axb5 31. axb5 Bg5 32. Bh8 Kf7 33. Kf3 Bh6 34. Bb2 Ke6 35. c4 Bg5 36. Bc3 Bh6 37. h4 Bc1 38. h5 (38. Kg3 $16) 38... gxh5 $11 39. h3 Ne5+ 40. Bxe5 Kxe5 {KB-KN} 41. Nb6 Ke6 42. Ke2 Kf6 43. Kf3 Ke7 44. Nd5+ Ke6 45. Nb6 Bg5 46. Nd5 Ke5 47. Nc7 h6 {[#]} (47... Be7 $11) 48. Ne8 $1 $16 Bf6 $2 {[%mdl 8192]} (48... Bd2 $16) 49. Nxf6 $18 Kxf6 {[#] KP-KP} 50. Kf4 $2 (50. h4 $1 $18 Ke5 51. Ke2) 50... h4 $1 $11 {The position is equal.} 51. b6 Ke6 52. Kg4 Ke5 53. Kf3 Kf6 (53... Kd4 $5 54. Ke2 $8 Ke5 $11) 54. Kf4 Ke6 55. Kg4 Ke5 56. Kf3 Kf6 57. Kf4 {Accuracy: White = 87%, Black = 79%.} 1/2-1/2

[Event "WSTCC-50 2020"]
[Site "Prague"]
[Date "2020.03.09"]
[Round "4.33"]
[White "Pieper, Thomas"]
[Black "Sokolin, Leonid"]
[Result "0-1"]
[WhiteElo "2258"]
[BlackElo "2496"]
[Annotator "TA"]
[PlyCount "63"]
[EventDate "2020.03.06"]
[EventType "team-tourn"]
[EventCountry "CZE"]
[SourceTitle "playchess.com"]
[Source "ChessBase"]
[SourceQuality "1"]

{[%evp 14,63,25,18,27,9,17,9,0,-6,6,0,50,0,3,0,34,20,12,15,35,41,54,-21,110,10,44,17,23,-83,-87,-66,-65,-69,-59,-59,-66,-63,-66,-108,-102,-144,-117,-164,-108,-158,-148,-158,-166,-316,-308,-371]} 1. e4 g6 2. d4 Bg7 3. Nf3 c6 4. h3 d6 5. Bc4 Nf6 6. Qe2 O-O 7. e5 Nd5 8. O-O b5 {B04: Alekhine's Defence: 4 Nf3.} 9. Bb3 a5 {[#]} 10. exd6 $146 ({Predecessor:} 10. Re1 Na6 11. Bg5 Nac7 12. exd6 Qxd6 13. Nbd2 Ne6 14. c3 a4 15. Bxd5 cxd5 16. a3 {1-0 (37) Mastrovasilis,D (2598)-Todorovic,B (2324) Bajina Basta 2019}) 10... Qxd6 {The position is equal.} 11. c3 Bf5 12. Re1 Ra7 13. Nh4 Be6 14. Nd2 Nf4 (14... a4 $5 {[%cal Ra4b3]} 15. Bc2 Qc7 $11) 15. Qf3 {[#] aiming for Ne4.} Bxb3 16. axb3 Nd5 17. Ne4 Qc7 18. Qg3 (18. Qe2 $14) 18... e5 (18... Qxg3 $11 19. Nxg3 (19. fxg3 Nd7 $11) 19... Nd7) 19. Nf3 ({Better is} 19. c4 $16) 19... f5 {White must now prevent ...exd4.} 20. Neg5 {Threatens to win with Ne6.} e4 $1 {Hoping for ...Qxg3.} 21. Ne6 (21. Ne5 $1 $11 {keeps the balance.} Bxe5 22. dxe5) 21... Qxg3 $17 22. fxg3 exf3 23. Nxf8 Kxf8 24. gxf3 Kf7 25. Bd2 Nd7 26. Kg2 N7b6 27. Re2 Bf6 28. Rc1 Ne7 (28... a4 $19 29. c4 Nc7 30. bxa4 Nxc4) 29. Bf4 Nbd5 30. Bd6 {[#]} f4 $1 {[%mdl 512]} 31. gxf4 (31. g4 $142) (31. Bxf4 Nxf4+) 31... Nf5 $19 32. Be5 {Accuracy: White = 45%, Black = 69%.} 0-1

[Event "WSTCC-50 2020"]
[Site "Prague"]
[Date "2020.03.09"]
[Round "4.34"]
[White "Dolgitser, Konstantin"]
[Black "Kempter, Ronald"]
[Result "1/2-1/2"]
[WhiteElo "2232"]
[BlackElo "2238"]
[Annotator "ChessBase"]
[PlyCount "107"]
[EventDate "2020.03.06"]
[EventType "team-tourn"]
[EventCountry "CZE"]
[SourceTitle "playchess.com"]
[Source "ChessBase"]
[SourceQuality "1"]
[TimeControl "40/5400+30:1800+30"]

1. Nf3 {[%emt 0:00:00]} Nf6 {[%emt 0:00:00]} 2. d4 {[%emt 0:00:00]} g6 {[%emt 0:00:29]} 3. c4 {[%emt 0:00:03]} Bg7 {[%emt 0:00:52]} 4. g3 {[%emt 0:00:25]} O-O {[%emt 0:00:11]} 5. Bg2 {[%emt 0:00:08]} d6 {[%emt 0:00:12]} 6. O-O {[%emt 0:00:37]} Nc6 {[%emt 0:00:19]} 7. d5 {[%emt 0:00:10]} Na5 {[%emt 0:00:05]} 8. Nfd2 {[%emt 0:01:53]} c5 {[%emt 0:00:06]} 9. Qc2 {[%emt 0:00:27]} a6 {[%emt 0:00:12]} 10. Nc3 {[%emt 0:00:17]} Rb8 {[%emt 0:00:07]} 11. b3 {[%emt 0:00:27]} b5 {[%emt 0:00:10]} 12. Bb2 {[%emt 0:00:11]} e5 {[%emt 0:00:04]} 13. Rab1 {[%emt 0:21:20]} h5 {[%emt 0:01:15]} 14. h3 {[%emt 0:00:48]} Bh6 {[%emt 0:10:25]} 15. e3 {[%emt 0:00:38]} Nh7 {[%emt 0:19:19]} 16. f4 {[%emt 0:03:08]} f5 {[%emt 0:12:06]} 17. Nd1 {[%emt 0:02:00]} e4 {[%emt 0:03:31]} 18. Nf2 {[%emt 0:03:53]} Nf6 {[%emt 0:04:12]} 19. Rfe1 {[%emt 0:18:14]} Bg7 {[%emt 0:09:50]} 20. Bf1 {[%emt 0:00:29]} Qe7 {[%emt 0:05:23]} 21. Be2 {[%emt 0:01:22]} Bd7 {[%emt 0:06:54]} 22. Kg2 {[%emt 0:01:51]} Rbe8 {[%emt 0:13:05]} 23. Rh1 {[%emt 0:01:18]} Kf7 {[%emt 0:03:15]} 24. Rbg1 {[%emt 0:00:52]} Rh8 {[%emt 0:01:25]} 25. Kf1 {[%emt 0:00:27]} Nb7 {[%emt 0:01:28]} 26. Rg2 {[%emt 0:04:34]} Reg8 {[%emt 0:02:02]} 27. Rhg1 {[%emt 0:00:12]} Ne8 {[%emt 0:01:34]} 28. g4 {[%emt 0:00:37]} hxg4 {[%emt 0:00:54]} 29. hxg4 {[%emt 0:00:05]} Bxb2 {[%emt 0:00:24]} 30. Qxb2 {[%emt 0:00:02]} Qf6 {[%emt 0:00:34]} 31. Qc1 {[%emt 0:01:34]} b4 {[%emt 0:01:26]} 32. Rg3 {[%emt 0:06:14]} Qc3 {[%emt 0:00:59]} 33. Kg2 {[%emt 0:07:52]} Qxc1 {[%emt 0:00:05]} 34. Rxc1 {[%emt 0:00:01]} Rh4 {[%emt 0:01:10]} 35. gxf5 {[%emt 0:02:10]} gxf5 {[%emt 0:00:08]} 36. Rxg8 {[%emt 0:01:23]} Kxg8 {[%emt 0:00:05]} 37. Kg3 {[%emt 0:01:48]} Rh6 {[%emt 0:00:29]} 38. Nh3 {[%emt 0:00:51]} Nd8 {[%emt 0:01:18]} 39. Rg1 {[%emt 0:00:52]} Nf7 {[%emt 0:01:05]} 40. Kf2+ {[%emt 0:00:00]} Kf8 {[%emt 0:00:00]} 41. Rg3 {[%emt 0:03:53]} Nf6 {[%emt 0:06:25]} 42. Kg2 {[%emt 0:00:51]} Rh8 {[%emt 0:05:57]} 43. Nf1 {[%emt 0:01:23]} Nh6 {[%emt 0:01:43]} 44. Rg5 {[%emt 0:05:23]} Nf7 {[%emt 0:03:08]} 45. Rg6 {[%emt 0:00:48]} Rg8 {[%emt 0:00:04]} 46. Rxg8+ {[%emt 0:00:32]} Kxg8 {[%emt 0:00:08]} 47. Ng3 {[%emt 0:00:22]} Nh6 {[%emt 0:05:46]} 48. Nf2 {[%emt 0:00:08]} Be8 {[%emt 0:03:51]} 49. Kh3 {[%emt 0:00:34]} Kg7 {[%emt 0:03:32]} 50. Kh4 {[%emt 0:00:10]} a5 {[%emt 0:00:19]} 51. Bf1 {[%emt 0:02:34]} a4 {[%emt 0:02:38]} 52. Be2 {[%emt 0:02:18]} a3 {[%emt 0:01:58]} 53. Nh5+ {[%emt 0:01:08]} Kg6 {[%emt 0:01:27]} 54. Nxf6 1/2-1/2

[Event "WSTCC-50 2020"]
[Site "Prague"]
[Date "2020.03.09"]
[Round "4.35"]
[White "Scheckenbach, Franz"]
[Black "Koganov, Mikhail"]
[Result "0-1"]
[WhiteElo "2101"]
[BlackElo "2085"]
[Annotator "ChessBase"]
[PlyCount "53"]
[EventDate "2020.03.06"]
[EventType "team-tourn"]
[EventCountry "CZE"]
[SourceTitle "playchess.com"]
[Source "ChessBase"]
[SourceQuality "1"]
[TimeControl "40/5400+30:1800+30"]

1. e4 {[%emt 0:00:00]} d6 {[%emt 0:00:00]} 2. d4 {[%emt 0:00:00]} Nf6 {[%emt 0:00:00]} 3. Nc3 {[%emt 0:00:02]} e5 {[%emt 0:00:00]} 4. Nf3 {[%emt 0:00:42]} Nbd7 {[%emt 0:00:00]} 5. Bc4 {[%emt 0:00:32]} Be7 {[%emt 0:00:02]} 6. a4 {[%emt 0:00:20]} a5 {[%emt 0:00:11]} 7. O-O {[%emt 0:00:43]} c6 {[%emt 0:01:01]} 8. h3 {[%emt 0:07:59]} Qc7 {[%emt 0:01:15]} 9. Bg5 {[%emt 0:04:16]} Nf8 {[%emt 0:08:15]} 10. Qd2 {[%emt 0:07:20]} h6 {[%emt 0:01:14]} 11. Be3 {[%emt 0:04:18]} g5 {[%emt 0:00:51]} 12. Nh2 {[%emt 0:06:40]} Ng6 {[%emt 0:01:16]} 13. Be2 {[%emt 0:04:02]} Nf4 {[%emt 0:02:55]} 14. Ng4 {[%emt 0:04:13]} h5 {[%emt 0:02:24]} 15. Nxf6+ {[%emt 0:02:31]} Bxf6 {[%emt 0:00:10]} 16. Rad1 {[%emt 0:10:40]} Qe7 {[%emt 0:11:31]} 17. dxe5 {[%emt 0:06:39]} Bxe5 {[%emt 0:09:37]} 18. Rfe1 {[%emt 0:09:30]} Rg8 {[%emt 0:13:36]} 19. Bf1 {[%emt 0:01:46]} Be6 {[%emt 0:04:12]} 20. Bd4 {[%emt 0:01:34]} g4 {[%emt 0:00:41]} 21. Bxe5 {[%emt 0:03:17]} dxe5 {[%emt 0:00:26]} 22. h4 {[%emt 0:13:56]} g3 {[%emt 0:01:27]} 23. Ne2 {[%emt 0:05:33]} gxf2+ {[%emt 0:00:54]} 24. Kxf2 {[%emt 0:00:10]} Qxh4+ {[%emt 0:00:33]} 25. g3 {[%emt 0:02:42]} Qh2+ {[%emt 0:01:26]} 26. Kf3 {[%emt 0:00:20]} Nxe2 {[%emt 0:00:26]} 27. Ra1 0-1

[Event "WSTCC-50 2020"]
[Site "Prague"]
[Date "2020.03.09"]
[Round "4.36"]
[White "Leverett, Bruce"]
[Black "Arndt, Olaf"]
[Result "1-0"]
[WhiteElo "2264"]
[BlackElo "1887"]
[Annotator "ChessBase"]
[PlyCount "57"]
[EventDate "2020.03.06"]
[EventType "team-tourn"]
[EventCountry "CZE"]
[SourceTitle "playchess.com"]
[Source "ChessBase"]
[SourceQuality "1"]
[TimeControl "40/5400+30:1800+30"]

1. d4 {[%emt 0:00:13]} f5 {[%emt 0:00:00]} 2. g3 {[%emt 0:00:13]} Nf6 {[%emt 0:00:02]} 3. Bg2 {[%emt 0:00:07]} e6 {[%emt 0:00:37]} 4. Nf3 {[%emt 0:00:16]} d5 {[%emt 0:00:13]} 5. O-O {[%emt 0:00:16]} Bd6 {[%emt 0:00:15]} 6. c4 {[%emt 0:03:20]} c6 {[%emt 0:03:07]} 7. b3 {[%emt 0:02:24]} O-O {[%emt 0:00:28]} 8. Bb2 {[%emt 0:01:09]} Bd7 {[%emt 0:08:25]} 9. Nbd2 {[%emt 0:05:28]} Be8 {[%emt 0:02:01]} 10. Ne5 {[%emt 0:02:54]} Bh5 {[%emt 0:01:50]} 11. Ndf3 {[%emt 0:01:56]} Nbd7 {[%emt 0:02:17]} 12. Nd3 {[%emt 0:02:17]} Qe7 {[%emt 0:10:07]} 13. a4 {[%emt 0:09:17]} a5 {[%emt 0:03:56]} 14. Qc1 {[%emt 0:02:17]} Ne4 {[%emt 0:02:49]} 15. Ba3 {[%emt 0:02:34]} Bxa3 {[%emt 0:01:15]} 16. Qxa3 {[%emt 0:01:02]} Qxa3 {[%emt 0:00:42]} 17. Rxa3 {[%emt 0:00:06]} Bxf3 {[%emt 0:01:34]} 18. exf3 {[%emt 0:00:21]} Nd2 {[%emt 0:07:16]} 19. Rc1 {[%emt 0:04:04]} dxc4 {[%emt 0:01:49]} 20. bxc4 {[%emt 0:00:11]} Nb6 {[%emt 0:00:53]} 21. Ne5 {[%emt 0:00:25]} Rfd8 {[%emt 0:03:00]} 22. Rd3 {[%emt 0:00:11]} Rxd4 {[%emt 0:01:02]} 23. Rxd4 {[%emt 0:00:11]} Nb3 {[%emt 0:00:04]} 24. Rb1 {[%emt 0:03:14]} Nxd4 {[%emt 0:01:38]} 25. Rxb6 {[%emt 0:00:07]} Ne2+ {[%emt 0:01:43]} 26. Kf1 {[%emt 0:00:13]} Nc3 {[%emt 0:00:03]} 27. Rxb7 {[%emt 0:00:58]} Nxa4 {[%emt 0:00:08]} 28. Nxc6 {[%emt 0:00:53]} Nc5 {[%emt 0:01:11]} 29. Rb5 {[%emt 0:01:51]} 1-0

[Event "WSTCC-50 2020"]
[Site "Prague"]
[Date "2020.03.09"]
[Round "4.37"]
[White "Bryson, Douglas M"]
[Black "Jhunjhnuwala, Krishan"]
[Result "1/2-1/2"]
[WhiteElo "2334"]
[BlackElo "2341"]
[Annotator "TA"]
[PlyCount "51"]
[EventDate "2020.03.06"]
[EventType "team-tourn"]
[EventCountry "CZE"]
[SourceTitle "playchess.com"]
[Source "ChessBase"]
[SourceQuality "1"]

{[%evp 28,51,0,0,0,0,0,0,0,0,0,0,143,126,311,311,695,713,718,711,653,0,369,0,650,0]} 1. e4 c5 2. Nf3 Nc6 3. d4 cxd4 4. Nxd4 Nf6 5. Nc3 e5 6. Ndb5 d6 7. Bg5 a6 8. Na3 b5 9. Bxf6 gxf6 10. Nd5 f5 11. Bxb5 axb5 12. Nxb5 Ra4 13. Nbc7+ Kd7 14. O-O Rxe4 {[#]} 15. Qh5 $1 {[%cal Rh5f5][%mdl 576] Double Attack} Ne7 {...Kc6 is the strong threat. B33: Sicilian: Pelikan and Sveshnikov Variations.} 16. Qxf7 Kc6 17. Rfd1 Nxd5 {The position is equal.} 18. Nxd5 Qd7 19. Qh5 $1 {[#]} Qa7 $146 (19... Qg7 $11 {keeps the balance.}) ({Predecessor:} 19... Ba6 20. Qh3 Kb7 21. a4 Ka7 22. Nf6 Qc6 23. Nxe4 Qxe4 24. Re1 Qf4 25. Qc3 Qc4 {½-½ (48) Valsecchi,A (2510)-Krasenkow,M (2626) Gallipoli 2018}) 20. Rd3 $16 {[%mdl 1024] Threatens to win with Nf6. White has strong compensation.} Rc4 $2 (20... Bg7 $16) 21. Rad1 $18 Be6 $2 {[#]} (21... Qd7 22. Qe2 Rc5) 22. Qe8+ $1 Qd7 23. Qa8+ Qb7 24. Qe8+ Qd7 $1 {[%cal Rd7e8]} ({Not} 24... Bd7 $2 25. Qd8 $18) 25. Qa8+ $2 (25. Qb8 Qb7 26. Qe8+ Qd7) 25... Qb7 26. Qe8+ $2 {White took control after the opening. Accuracy: White = 86%, Black = 43%.} (26. Qa5 $18 Kd7 27. Rb3) 1/2-1/2

[Event "WSTCC-50 2020"]
[Site "Prague"]
[Date "2020.03.09"]
[Round "4.38"]
[White "Jhunjhnuwala, Ramesh"]
[Black "Farrell, Neil"]
[Result "1/2-1/2"]
[WhiteElo "2143"]
[BlackElo "2183"]
[Annotator "ChessBase"]
[PlyCount "88"]
[EventDate "2020.03.06"]
[EventType "team-tourn"]
[EventCountry "CZE"]
[SourceTitle "playchess.com"]
[Source "ChessBase"]
[SourceQuality "1"]
[TimeControl "40/5400+30:1800+30"]

1. e4 {[%emt 0:00:00]} e6 {[%emt 0:00:00]} 2. d4 {[%emt 0:00:00]} d5 {[%emt 0:00:00]} 3. Nd2 {[%emt 0:00:00]} Nf6 {[%emt 0:00:00]} 4. e5 {[%emt 0:00:09]} Nfd7 {[%emt 0:00:08]} 5. Ne2 {[%emt 0:00:40]} c5 {[%emt 0:02:05]} 6. c3 {[%emt 0:00:15]} Nc6 {[%emt 0:01:05]} 7. f4 {[%emt 0:01:10]} Qb6 {[%emt 0:01:47]} 8. Nf3 {[%emt 0:00:57]} f6 {[%emt 0:02:18]} 9. g3 {[%emt 0:05:02]} cxd4 {[%emt 0:09:06]} 10. cxd4 {[%emt 0:00:38]} Be7 {[%emt 0:04:02]} 11. Bh3 {[%emt 0:02:16]} O-O {[%emt 0:00:36]} 12. Bxe6+ {[%emt 0:13:00]} Kh8 {[%emt 0:00:06]} 13. exf6 {[%emt 0:09:00]} Nxf6 {[%emt 0:01:24]} 14. Bxc8 {[%emt 0:02:59]} Raxc8 {[%emt 0:00:15]} 15. O-O {[%emt 0:00:49]} Nb4 {[%emt 0:23:03]} 16. Nc3 {[%emt 0:13:09]} Bd6 {[%emt 0:21:25]} 17. a3 {[%emt 0:27:31]} Nc6 {[%emt 0:00:52]} 18. Qd3 {[%emt 0:00:40]} Rce8 {[%emt 0:08:37]} 19. Kg2 {[%emt 0:00:44]} Qb3 {[%emt 0:03:26]} 20. Qb5 {[%emt 0:02:59]} Qxb5 {[%emt 0:05:47]} 21. Nxb5 {[%emt 0:00:04]} Bb8 {[%emt 0:00:08]} 22. Nc3 {[%emt 0:00:44]} a6 {[%emt 0:00:31]} 23. h3 {[%emt 0:02:20]} Ba7 {[%emt 0:00:23]} 24. Rd1 {[%emt 0:00:09]} Re7 {[%emt 0:03:12]} 25. f5 {[%emt 0:06:41]} Rd7 {[%emt 0:06:54]} 26. Ne5 {[%emt 0:03:52]} Re7 {[%emt 0:00:12]} 27. Nxc6 {[%emt 0:00:19]} bxc6 {[%emt 0:00:08]} 28. Bg5 {[%emt 0:00:05]} Rfe8 {[%emt 0:00:47]} 29. Bxf6 {[%emt 0:02:18]} gxf6 {[%emt 0:00:03]} 30. Rd2 {[%emt 0:00:21]} Kg7 {[%emt 0:01:05]} 31. Rad1 {[%emt 0:00:31]} Kh6 {[%emt 0:00:32]} 32. Kf2 {[%emt 0:01:41]} Kg5 {[%emt 0:00:27]} 33. g4 {[%emt 0:00:52]} h5 {[%emt 0:00:54]} 34. gxh5 {[%emt 0:00:43]} Kxh5 35. Re2 {[%emt 0:00:45]} Kg5 {[%emt 0:02:08]} 36. Rxe7 {[%emt 0:00:38]} Rxe7 {[%emt 0:00:05]} 37. Ne2 {[%emt 0:00:36]} Kxf5 {[%emt 0:00:14]} 38. Kf3 {[%emt 0:00:16]} Rh7 {[%emt 0:00:29]} 39. Rc1 {[%emt 0:01:04]} Rxh3+ {[%emt 0:01:41]} 40. Kf2 {[%emt 0:00:00]} Ke4 {[%emt 0:00:00]} 41. Rxc6 {[%emt 0:03:00]} Rh2+ {[%emt 0:08:14]} 42. Ke1 {[%emt 0:12:16]} Kd3 {[%emt 0:09:57]} 43. Rc3+ {[%emt 0:00:18]} Ke4 {[%emt 0:00:08]} 44. Rc6 {[%emt 0:00:43]} Kd3 {[%emt 0:00:09]} 1/2-1/2

[Event "WSTCC-50 2020"]
[Site "Prague"]
[Date "2020.03.09"]
[Round "4.39"]
[White "Grant, Jonathan I M"]
[Black "Jhunjhnuwala, Naresh"]
[Result "1-0"]
[WhiteElo "2166"]
[BlackElo "2085"]
[Annotator "ChessBase"]
[PlyCount "73"]
[EventDate "2020.03.06"]
[EventType "team-tourn"]
[EventCountry "CZE"]
[SourceTitle "playchess.com"]
[Source "ChessBase"]
[SourceQuality "1"]
[TimeControl "40/5400+30:1800+30"]

1. c4 {[%emt 0:00:00]} e5 {[%emt 0:00:00]} 2. Nc3 {[%emt 0:00:00]} Nc6 {[%emt 0:00:14]} 3. g3 {[%emt 0:00:00]} g6 {[%emt 0:00:18]} 4. Bg2 {[%emt 0:00:00]} Bg7 {[%emt 0:00:06]} 5. e4 {[%emt 0:00:00]} Nge7 {[%emt 0:00:16]} 6. Nge2 {[%emt 0:00:13]} d6 {[%emt 0:00:47]} 7. d3 {[%emt 0:00:10]} O-O {[%emt 0:00:23]} 8. O-O {[%emt 0:00:33]} Nd4 {[%emt 0:07:41]} 9. Nxd4 {[%emt 0:01:33]} exd4 {[%emt 0:00:07]} 10. Ne2 {[%emt 0:01:06]} c5 {[%emt 0:01:41]} 11. Rb1 {[%emt 0:02:33]} Nc6 {[%emt 0:00:59]} 12. Bd2 {[%emt 0:01:07]} a5 {[%emt 0:02:48]} 13. Nf4 {[%emt 0:03:00]} Ne5 {[%emt 0:01:55]} 14. Qc2 {[%emt 0:02:48]} Rb8 {[%emt 0:14:47]} 15. a3 {[%emt 0:03:18]} b5 {[%emt 0:01:24]} 16. cxb5 {[%emt 0:07:00]} Rxb5 {[%emt 0:00:09]} 17. b4 {[%emt 0:01:37]} axb4 {[%emt 0:04:27]} 18. axb4 {[%emt 0:00:16]} Bd7 {[%emt 0:07:35]} 19. bxc5 {[%emt 0:07:52]} dxc5 {[%emt 0:16:08]} 20. Nd5 {[%emt 0:07:50]} Re8 {[%emt 0:05:02]} 21. f4 {[%emt 0:08:21]} Ng4 {[%emt 0:02:24]} 22. Rxb5 {[%emt 0:04:15]} Bxb5 {[%emt 0:00:07]} 23. Rb1 {[%emt 0:00:41]} Ba6 {[%emt 0:07:03]} 24. Rb6 {[%emt 0:01:14]} Qc8 {[%emt 0:01:41]} 25. h3 {[%emt 0:11:40]} Nh6 {[%emt 0:03:59]} 26. f5 {[%emt 0:01:08]} Kh8 {[%emt 0:00:58]} 27. f6 {[%emt 0:05:22]} Bf8 {[%emt 0:00:13]} 28. Ne7 {[%emt 0:03:09]} Bxe7 {[%emt 0:01:17]} 29. fxe7 {[%emt 0:04:46]} Ng8 {[%emt 0:00:10]} 30. Bf4 {[%emt 0:01:50]} Rxe7 {[%emt 0:02:28]} 31. Bd6 {[%emt 0:01:36]} Re6 {[%emt 0:04:52]} 32. Qa4 {[%emt 0:01:29]} Bxd3 {[%emt 0:01:20]} 33. Qa7 {[%emt 0:02:17]} Kg7 {[%emt 0:03:13]} 34. Rb8 {[%emt 0:01:14]} Qa6 {[%emt 0:02:14]} 35. Rxg8+ {[%emt 0:00:18]} Kxg8 {[%emt 0:00:08]} 36. Qb8+ {[%emt 0:00:03]} Kg7 {[%emt 0:03:16]} 37. Bf8+ {[%emt 0:00:05]} 1-0